01692nam a2200301 a 4500001001000000005001700010008004100027041000800068044000700076084002300083100002800106245006800134260001900202300002700221500007100248500036000319500004700679500002800726500018400754500008100938506009201019546005201111600002801163650010501191700003101296700003101327700003201358BRCA_518520190320204956.0241110s1827----mx-######v---#000-0#spa-# aspa amx aDOC143b.L44c18271 aLezama, CarloscArriero10aDocumento expedido a Carlos LezamacCarlos Lezama ... [et al.]. aMéxicoc1827 a[10] fojasc33 x 23 cm aDocumento firmado el 29 de abril de 1827 por el Lic. José Anzave aQueja ante las autoridades respectivas del Arriero Carlos Lezama, sirviente en el mesón de Doña Josefa Guevara por los malos tratos e injurias de Nicolás Trejo contador y Matías Rivero mayordomo de la misma. Se presentan como testimonios contra dichas personas las declaraciones de varios arrieros empleados en otros atajos de la misma propietaria aEl documento contiene la leyenda DOC. #311 aPapel con marca de agua aEn la parte superior sello con escudo Nacional e inscripción que dice: SELLO CUARTO. UNA CUARTILLA. PARA LOS AÑOS DE MIL OCHOCIENTOS VEINTE Y SEIS Y OCHOCIENTOS VEINTE Y SIETE aEstado de conservación: contiene manchas de acido y márgenes maltratados0 aFondo reservado: para su consulta es necesario credencial de usuario y carta de motivos aTexto en: español de principios del siglo XIX14aLezama, CarloscArriero14aDocumentos legalesvImpreso con rúbricasxHistoriayFederalismo y centralismo, 1824-1853zMéxico1 aAnzave, JosécLicenciado1 aTrejo, NicoláscContador1 aRivero, MatíascMayordomo